000 00318nam a22001337a 4500
008 170602b xxu||||| |||| 00| 0 eng d
020 _a9780312439460
041 _aeng
080 _22ND
_a94(100)
100 _a17
101 _aSHH
245 _aTHE MAKING OF THE WEST PEOPLES AND CULTURES
_cHUNT,L
942 _2udc
_cBK
999 _c15640
_d15640